书目信息 |
| 题名: |
综合布线系统的设计 施工 测试 验收与维护
|
|
| 作者: | 余明辉 , 尹岗 编著 | |
| 分册: | ||
| 出版信息: | 北京 人民邮电出版社 2010 |
|
| 页数: | 333页 | |
| 开本: | 26cm | |
| 丛书名: | ||
| 单 册: | ||
| 中图分类: | TU855 | |
| 科图分类: | ||
| 主题词: | 智能建筑--布线--高等教育--教材 , 智能建筑 , 布线 | |
| 电子资源: | ||
| ISBN: | 978-7-115-22003-5 | |
| 000 | 01118nam0 2200289 450 | |
| 001 | 004512791 | |
| 005 | 20110224092623.04 | |
| 010 | @a978-7-115-22003-5@dCNY36.00 | |
| 035 | @a004512791 | |
| 100 | @a20100511d2010 em y0chiy0110 ea | |
| 101 | 0 | @achi |
| 102 | @aCN@b110000 | |
| 105 | @aa z 000yy | |
| 106 | @ar | |
| 200 | 1 | @a综合布线系统的设计 施工 测试 验收与维护@9zong he bu xian xi tong de she ji shi gong ce shi yan shou yu wei hu@f余明辉,尹岗编著 |
| 210 | @a北京@c人民邮电出版社@d2010 | |
| 215 | @a333页@c图@d26cm | |
| 300 | @a21世纪高等职业教育信息技术类规划教材 | |
| 330 | @a本书共搭建了10个工作项目场景:构建综合布线系统、选择综合布线产品、设计综合布线系统、安装综合布线系统环境、安装铜缆布线系统、安装光缆布线系统、管理综合布线工程项目、测试综合布线系统、验收综合布线工程和维护综合布线系统。 | |
| 606 | 0 | @a智能建筑@x布线@x高等教育@j教材 |
| 606 | 0 | @a智能建筑 |
| 606 | 0 | @a布线 |
| 690 | @aTU855@v4 | |
| 701 | 0 | @a余明辉@9yu ming hui@c(计算机技术)@4编著 |
| 701 | 0 | @a尹岗@9yin gang@c(计算机技术)@4编著 |
| 801 | 0 | @aCN@bNLC@c20110224 |
| 905 | @b205998090-143@h599809-14@dTU855@e544@f6 | |
| 综合布线系统的设计 施工 测试 验收与维护/余明辉,尹岗编著.-北京:人民邮电出版社,2010 |
| 333页:图;26cm |
| 21世纪高等职业教育信息技术类规划教材 |
| ISBN 978-7-115-22003-5:CNY36.00 |
| 本书共搭建了10个工作项目场景:构建综合布线系统、选择综合布线产品、设计综合布线系统、安装综合布线系统环境、安装铜缆布线系统、安装光缆布线系统、管理综合布线工程项目、测试综合布线系统、验收综合布线工程和维护综合布线系统。 |
| ● |
| 相关链接 |
|
|
|
|
正题名:综合布线系统的设计 施工 测试 验收与维护
索取号:TU855/544
 
预约/预借
| 序号 | 登录号 | 条形码 | 馆藏地/架位号 | 状态 | 备注 |
| 1 | 599809 | 205998090 | 第二样本阅览室/ [索取号:TU855/544] | 在馆 | |
| 2 | 599810 | 205998107 | 第三借阅区/ [索取号:TU855/544] | 在馆 | |
| 3 | 599811 | 205998116 | 第三借阅区/ [索取号:TU855/544] | 在馆 | |
| 4 | 599812 | 205998125 | 第三借阅区/ [索取号:TU855/544] | 在馆 | |
| 5 | 599813 | 205998134 | 第三借阅区/ [索取号:TU855/544] | 在馆 | |
| 6 | 599814 | 205998143 | 第三借阅区/ [索取号:TU855/544] | 在馆 |